<?xml version='1.0' encoding='UTF-8'?>
  <record xmlns="http://www.loc.gov/MARC21/slim">
    <leader>00000cam a2200000 i 4500</leader>
    <controlfield tag="001">ocm39268158</controlfield>
    <controlfield tag="003">OCoLC</controlfield>
    <controlfield tag="005">20251111064225.8</controlfield>
    <controlfield tag="008">980610s1550    sz a          001 0 lat d</controlfield>
    <datafield tag="040" ind1=" " ind2=" ">
      <subfield code="a">UZ0</subfield>
      <subfield code="b">eng</subfield>
      <subfield code="e">rda</subfield>
      <subfield code="e">dcrmr</subfield>
      <subfield code="c">UZ0</subfield>
      <subfield code="d">OCLCG</subfield>
      <subfield code="d">HEBIS</subfield>
      <subfield code="d">OCLCQ</subfield>
      <subfield code="d">OCLCA</subfield>
      <subfield code="d">OCLCQ</subfield>
      <subfield code="d">OCLCO</subfield>
      <subfield code="d">OCLCF</subfield>
      <subfield code="d">OCL</subfield>
      <subfield code="d">QGJ</subfield>
      <subfield code="d">OCLCO</subfield>
      <subfield code="d">OCLCQ</subfield>
      <subfield code="d">OCLCO</subfield>
      <subfield code="d">OCLCL</subfield>
      <subfield code="d">QGJ</subfield>
      <subfield code="d">OCLCA</subfield>
      <subfield code="d">OCLCL</subfield>
      <subfield code="d">QGJ</subfield>
    </datafield>
    <datafield tag="029" ind1="1" ind2=" ">
      <subfield code="a">HEBIS</subfield>
      <subfield code="b">202503968</subfield>
    </datafield>
    <datafield tag="029" ind1="1" ind2=" ">
      <subfield code="a">NZ1</subfield>
      <subfield code="b">4860225</subfield>
    </datafield>
    <datafield tag="035" ind1=" " ind2=" ">
      <subfield code="a">(OCoLC)39268158</subfield>
    </datafield>
    <datafield tag="041" ind1="0" ind2=" ">
      <subfield code="a">lat</subfield>
      <subfield code="a">heb</subfield>
      <subfield code="a">arc</subfield>
      <subfield code="a">gre</subfield>
    </datafield>
    <datafield tag="082" ind1="0" ind2="4">
      <subfield code="a">296.35</subfield>
      <subfield code="2">22/ger</subfield>
      <subfield code="1">https://id.oclc.org/worldcat/ddc/E3dgjq4mXxcy7vHhvjgMM9WBhX</subfield>
    </datafield>
    <datafield tag="100" ind1="1" ind2=" ">
      <subfield code="a">Galatino, Pietro,</subfield>
      <subfield code="d">active 1480-1539,</subfield>
      <subfield code="e">author.</subfield>
      <subfield code="4">aut</subfield>
      <subfield code="1">https://id.oclc.org/worldcat/entity/E39PBJqqqjTykghDyfyRWGpVmd</subfield>
    </datafield>
    <datafield tag="240" ind1="1" ind2="0">
      <subfield code="a">De arcanis Catholicae veritatis.</subfield>
      <subfield code="f">1550</subfield>
    </datafield>
    <datafield tag="245" ind1="1" ind2="0">
      <subfield code="a">Petri Galatini Opus de Arcanis Catholicae Veritatis. :</subfield>
      <subfield code="b">Hoc est, In omnia difficilia loca Veteris Testamenti, ex Talmud, alijsq[ue] Hebraicis libris, quum ante natum Christum, tum pòst scriptis, contra obstinatam Iudaeorum perfidiam, absolutissimus Commentarius. Ad haec, Ioannis Reuchlini Phorcensis LL. Doctoris De Arte Cabalistica Libri tres, omnigena eruditione pleni. Insuper, addidimus duplicem Indicem, prior habet res ipsas, alter loca abstrusa Scripturae declarata complectitur.</subfield>
    </datafield>
    <datafield tag="246" ind1="3" ind2=" ">
      <subfield code="a">Opus de Arcanis Catholicae Veritatis</subfield>
    </datafield>
    <datafield tag="246" ind1="3" ind2=" ">
      <subfield code="a">De Arcanis Catholicae Veritatis</subfield>
    </datafield>
    <datafield tag="246" ind1="3" ind2=" ">
      <subfield code="a">In omnia difficilia loca Veteris Testamenti, ex Talmud, alijsq[ue] Hebraicis libris, quum ante natur Christum, tum pòst scriptis, contra obstinatam Iudaeorum perfidiam, absolutissimus Commentarius</subfield>
    </datafield>
    <datafield tag="264" ind1=" " ind2="1">
      <subfield code="a">Basileae :</subfield>
      <subfield code="b">excudebat Ioannes Heruagius,</subfield>
      <subfield code="c">Anno M.D.L. [1550]</subfield>
    </datafield>
    <datafield tag="300" ind1=" " ind2=" ">
      <subfield code="a">[24], 891 [that is, 791], [32] pages :</subfield>
      <subfield code="b">ilustrations ;</subfield>
      <subfield code="c">33 cm (folio)</subfield>
    </datafield>
    <datafield tag="336" ind1=" " ind2=" ">
      <subfield code="a">text</subfield>
      <subfield code="b">txt</subfield>
      <subfield code="2">rdacontent</subfield>
    </datafield>
    <datafield tag="337" ind1=" " ind2=" ">
      <subfield code="a">unmediated</subfield>
      <subfield code="b">n</subfield>
      <subfield code="2">rdamedia</subfield>
    </datafield>
    <datafield tag="338" ind1=" " ind2=" ">
      <subfield code="a">volume</subfield>
      <subfield code="b">nc</subfield>
      <subfield code="2">rdacarrier</subfield>
    </datafield>
    <datafield tag="340" ind1=" " ind2=" ">
      <subfield code="m">folio</subfield>
      <subfield code="2">rdabf</subfield>
    </datafield>
    <datafield tag="500" ind1=" " ind2=" ">
      <subfield code="a">Printer's name from colophon, which reads: Basileae excudebat Ioannes Heruagius, Anno Domini 1550.</subfield>
    </datafield>
    <datafield tag="500" ind1=" " ind2=" ">
      <subfield code="a">On title page verso two epigrammata and a poem in Hebrew. In the second epigramma, printed in acrostic in by a Moses Aharon the Jewish, the initial letters of the first seven lines feature the name Galatinus, and in the next seven lines the two names of Gerson and Moses, where Gerson is clearly the Hebrew name of the printer (Gershom Soncino) of the first edition published in 1518. This is followed by a poem, again in acrostic, from an Ishac Hispani Hebraei medici physici, in which the initial letter of the lines form the sentence that translates to "my name is Galatinus".</subfield>
    </datafield>
    <datafield tag="500" ind1=" " ind2=" ">
      <subfield code="a">Johann Reuchlin's book, "De arte Cabalistica", has half-title (page 719): Ioannis Reuchlin Phorcensis Legum Doctoris, De arte Cabalistica libri tres, Leoni X. dicati.</subfield>
    </datafield>
    <datafield tag="500" ind1=" " ind2=" ">
      <subfield code="a">Printer's device on title page, on verso of leaf uu6, and on last page at end.</subfield>
    </datafield>
    <datafield tag="500" ind1=" " ind2=" ">
      <subfield code="a">Signatures: AA-BB⁶ a-z⁶ A-Z⁶ aa-xx⁶ yy⁴ zz⁶.</subfield>
    </datafield>
    <datafield tag="500" ind1=" " ind2=" ">
      <subfield code="a">With woodcut initials (historiated and decorated), a head-piece and printed marginalia.</subfield>
    </datafield>
    <datafield tag="500" ind1=" " ind2=" ">
      <subfield code="a">Contains two woodcut illustrations on page 886.</subfield>
    </datafield>
    <datafield tag="500" ind1=" " ind2=" ">
      <subfield code="a">Pagination error: numbers 315-414 omitted in paging, page 422 misnumbered 224, page 541 misnumbered 543, page 842 misnumbered 843.</subfield>
    </datafield>
    <datafield tag="500" ind1=" " ind2=" ">
      <subfield code="a">includes indexes.</subfield>
    </datafield>
    <datafield tag="510" ind1="4" ind2=" ">
      <subfield code="a">Verzeichnis der im deutschen Sprachbereich erschienenen Drucke des 16. Jahrhunderts (VD 16),</subfield>
      <subfield code="c">C 4615</subfield>
      <subfield code="u">https://gateway-bayern.de/VD16+C+4615</subfield>
    </datafield>
    <datafield tag="510" ind1="4" ind2=" ">
      <subfield code="3">Reuchlin, Johannes. De arte cabalistica libri tres:</subfield>
      <subfield code="a">Verzeichnis der im deutschen Sprachbereich erschienenen Drucke des 16. Jahrhunderts (VD 16),</subfield>
      <subfield code="c">R 1237</subfield>
      <subfield code="u">https://gateway-bayern.de/VD16+R+1237</subfield>
    </datafield>
    <datafield tag="510" ind1="4" ind2=" ">
      <subfield code="a">Adams, H.M. Catalogue of books printed on the continent of Europe, 1501-1600, in Cambridge libraries,</subfield>
      <subfield code="c">C 2419</subfield>
    </datafield>
    <datafield tag="520" ind1=" " ind2=" ">
      <subfield code="a">A dialogue between Capnio (Johann Reuchlin), the Dominican Inquisitor Jacobus van Hoogstraten, and the author, in defense of Reuchlin in the controversy over the confiscation of Jewish books. Includes the text of Reuchlin's book, "De arte Cabalistica", in which the author argues for the antiquity of Jewish mystical teaching, and for the view that this tradition shows the truth of Christianity.</subfield>
    </datafield>
    <datafield tag="546" ind1=" " ind2=" ">
      <subfield code="a">In Latin, with passages in Hebrew, Aramaic and Greek.</subfield>
    </datafield>
    <datafield tag="600" ind1="1" ind2="0">
      <subfield code="a">Reuchlin, Johann,</subfield>
      <subfield code="d">1455-1522.</subfield>
    </datafield>
    <datafield tag="600" ind1="1" ind2="0">
      <subfield code="a">Hoogstraten, Jacobus van,</subfield>
      <subfield code="d">approximately 1460-1527.</subfield>
    </datafield>
    <datafield tag="650" ind1=" " ind2="0">
      <subfield code="a">Apologetics</subfield>
      <subfield code="x">History</subfield>
      <subfield code="y">16th century.</subfield>
    </datafield>
    <datafield tag="650" ind1=" " ind2="0">
      <subfield code="a">Apologetics</subfield>
      <subfield code="v">Early works to 1800.</subfield>
    </datafield>
    <datafield tag="650" ind1=" " ind2="0">
      <subfield code="a">Judaism</subfield>
      <subfield code="v">Controversial literature.</subfield>
    </datafield>
    <datafield tag="650" ind1=" " ind2="0">
      <subfield code="a">Cabala.</subfield>
    </datafield>
    <datafield tag="650" ind1=" " ind2="6">
      <subfield code="a">Apologétique</subfield>
      <subfield code="x">Histoire</subfield>
      <subfield code="y">16e siècle.</subfield>
    </datafield>
    <datafield tag="650" ind1=" " ind2="6">
      <subfield code="a">Apologétique</subfield>
      <subfield code="v">Ouvrages avant 1800.</subfield>
    </datafield>
    <datafield tag="650" ind1=" " ind2="6">
      <subfield code="a">Judaïsme</subfield>
      <subfield code="v">Ouvrages de controverse.</subfield>
    </datafield>
    <datafield tag="650" ind1=" " ind2="6">
      <subfield code="a">Kabbale.</subfield>
    </datafield>
    <datafield tag="600" ind1="1" ind2="7">
      <subfield code="a">Hoogstraten, Jacobus van,</subfield>
      <subfield code="d">approximately 1460-1527</subfield>
      <subfield code="2">fast</subfield>
      <subfield code="1">https://id.oclc.org/worldcat/entity/E39PBJxCD4tBQhqqDGDTvvQQbd</subfield>
    </datafield>
    <datafield tag="600" ind1="1" ind2="7">
      <subfield code="a">Reuchlin, Johann,</subfield>
      <subfield code="d">1455-1522</subfield>
      <subfield code="2">fast</subfield>
      <subfield code="1">https://id.oclc.org/worldcat/entity/E39PBJm4QrXBGHhf6K6wTXpdcP</subfield>
    </datafield>
    <datafield tag="648" ind1=" " ind2="7">
      <subfield code="a">1500-1599</subfield>
      <subfield code="2">fast</subfield>
    </datafield>
    <datafield tag="650" ind1=" " ind2="7">
      <subfield code="a">Apologetics</subfield>
      <subfield code="2">fast</subfield>
    </datafield>
    <datafield tag="650" ind1=" " ind2="7">
      <subfield code="a">Cabala</subfield>
      <subfield code="2">fast</subfield>
    </datafield>
    <datafield tag="650" ind1=" " ind2="7">
      <subfield code="a">Judaism</subfield>
      <subfield code="2">fast</subfield>
    </datafield>
    <datafield tag="650" ind1=" " ind2="7">
      <subfield code="a">Polemik</subfield>
      <subfield code="2">gnd</subfield>
    </datafield>
    <datafield tag="650" ind1=" " ind2="7">
      <subfield code="a">Judentum</subfield>
      <subfield code="2">gnd</subfield>
    </datafield>
    <datafield tag="655" ind1=" " ind2="7">
      <subfield code="a">Controversial literature</subfield>
      <subfield code="2">fast</subfield>
    </datafield>
    <datafield tag="655" ind1=" " ind2="7">
      <subfield code="a">Early works</subfield>
      <subfield code="2">fast</subfield>
    </datafield>
    <datafield tag="655" ind1=" " ind2="7">
      <subfield code="a">History</subfield>
      <subfield code="2">fast</subfield>
    </datafield>
    <datafield tag="700" ind1="1" ind2=" ">
      <subfield code="a">Herwagen, Johann,</subfield>
      <subfield code="d">1497-1559?,</subfield>
      <subfield code="e">printer.</subfield>
      <subfield code="4">prt</subfield>
      <subfield code="1">https://id.oclc.org/worldcat/entity/E39PBJfCr8PgpFYQ6gggQqcpT3</subfield>
    </datafield>
    <datafield tag="700" ind1="1" ind2="2">
      <subfield code="i">Container of (work):</subfield>
      <subfield code="a">Reuchlin, Johann,</subfield>
      <subfield code="d">1455-1522.</subfield>
      <subfield code="t">De arte cabalistica.</subfield>
    </datafield>
    <datafield tag="700" ind1="0" ind2=" ">
      <subfield code="a">Leo</subfield>
      <subfield code="b">X,</subfield>
      <subfield code="c">Pope,</subfield>
      <subfield code="d">1475-1521,</subfield>
      <subfield code="e">dedicatee.</subfield>
      <subfield code="4">dte</subfield>
      <subfield code="1">https://id.oclc.org/worldcat/entity/E39PBJbWC3QKk4Wrx7Hfj7w3cP</subfield>
    </datafield>
    <datafield tag="752" ind1=" " ind2=" ">
      <subfield code="a">Switzerland</subfield>
      <subfield code="d">Basel,</subfield>
      <subfield code="e">publication place.</subfield>
      <subfield code="4">pup</subfield>
    </datafield>
    <datafield tag="758" ind1=" " ind2=" ">
      <subfield code="i">has work:</subfield>
      <subfield code="a">De arcanis Catholicae veritatis 1550 (Text)</subfield>
      <subfield code="1">https://id.oclc.org/worldcat/entity/E39PCFXWYG8dPvwWwy7yDHhBHd</subfield>
      <subfield code="4">https://id.oclc.org/worldcat/ontology/hasWork</subfield>
    </datafield>
  </record>